000 00370nam a2200157Ia 4500
008 230312s9999||||xx |||||||||||||| ||und||
020 _a0-256-09193-5
082 _a657
_bLAR-F
100 _aLarson,Kermit D.
245 0 _aFinancial Accounting
260 _bIRWIN
_aBOSTON
_c1980
300 _a998
546 _aEng.
650 _aAccounting
_vIntroduction
942 _cBK
999 _c4907
_d4907